Neighbourhoods in Transition : Brownfield Regeneration in European Metropolitan Areas.

Bibliographic Details
Main Author: Rey, Emmanuel.
Other Authors: Laprise, Martine., Lufkin, Sophie.
Format: eBook
Language:English
Published: Cham : Springer International Publishing AG, 2021.
Edition:1st ed.
Series:The Urban Book Series
Subjects:
Online Access:Click to View
LEADER 07775nam a22004693i 4500
001 EBC6734438
003 MiAaPQ
005 20231204023218.0
006 m o d |
007 cr cnu||||||||
008 231204s2021 xx o ||||0 eng d
020 |a 9783030822088  |q (electronic bk.) 
020 |z 9783030822071 
035 |a (MiAaPQ)EBC6734438 
035 |a (Au-PeEL)EBL6734438 
035 |a (OCoLC)1314624413 
040 |a MiAaPQ  |b eng  |e rda  |e pn  |c MiAaPQ  |d MiAaPQ 
050 4 |a G1100#8209 
050 4 |a 3102 
100 1 |a Rey, Emmanuel. 
245 1 0 |a Neighbourhoods in Transition :  |b Brownfield Regeneration in European Metropolitan Areas. 
250 |a 1st ed. 
264 1 |a Cham :  |b Springer International Publishing AG,  |c 2021. 
264 4 |c ©2022. 
300 |a 1 online resource (257 pages) 
336 |a text  |b txt  |2 rdacontent 
337 |a computer  |b c  |2 rdamedia 
338 |a online resource  |b cr  |2 rdacarrier 
490 1 |a The Urban Book Series 
505 0 |a Intro -- Foreword -- Acknowledgements -- Contents -- About the Authors -- List of Figures -- List of Tables -- Part I Definition and Issues -- 1 Introduction -- References -- 2 Urban Brownfields: Origin, Definition, and Diversity -- 2.1 Determining the Notion of Urban Brownfield -- 2.2 The Origin of the Word Brownfield and Its Polysemous Nature -- 2.2.1 An Agricultural Etymology -- 2.2.2 A Polysemic Notion -- 2.3 The Emerging Consensus Around a Definition -- 2.3.1 A Broad-Spectrum Definition -- 2.3.2 Urban and Metropolitan Brownfields -- 2.4 The Diversity of Urban Brownfields in Europe -- 2.4.1 A Multiplicity of Causes -- 2.4.2 Classification Attempts -- References -- 3 The Multiple Potentials of Urban Brownfields -- 3.1 Urban Brownfields as a Range of Opportunities -- 3.2 The Qualitative Potential of Urban Brownfields (Environmental, Sociocultural, and Economic) -- 3.2.1 Opportunities for Density, Mobility, and Functional Mix -- 3.2.2 Opportunities for the Environment, Society and Economy -- 3.3 The Quantitative Potential of Urban Brownfields -- 3.3.1 Situation in the United Kingdom -- 3.3.2 Situation in Switzerland -- 3.3.3 Situation in France -- 3.3.4 Construction Potential: Urban Brownfields' Contribution to Containing Urban Sprawl -- References -- 4 Urban Brownfield Regeneration Projects: Complexities and Issues -- 4.1 Regenerating Urban Brownfields -- 4.2 Sociocultural Barriers -- 4.2.1 Negative Perceptions -- 4.2.2 Railway Related Nuisances -- 4.2.3 Opposition Risks -- 4.3 The Multiplication of Actors in the Project's Process -- 4.3.1 Five Categories of Stakeholders -- 4.3.2 The Importance of Governance -- 4.4 Legal and Regulatory Constraints -- 4.5 Deterrent Costs for Potential Investors -- 4.5.1 Soil Contamination -- 4.5.2 Relocation of Activities -- 4.6 The Need for Project Dynamics to Overcome Obstacles -- References. 
505 8 |a 5 Sustainability Issues at the Neighbourhood Scale -- 5.1 Sustainability and Europe's Changing Urban Territories -- 5.2 Framing the Concept of Urban Sustainability -- 5.2.1 Sustainability as Transition Dynamics: The Four Pillars -- 5.2.2 The Polycentric Restructuration of Built Territories -- 5.2.3 Neighbourhoods in Transition -- 5.3 The Neighbourhood Scale as a Means of Action for Cities -- 5.4 Built Density, Functional Mix, and Sustainable Mobility -- 5.5 High Environmental Quality of Buildings and Developments -- 5.6 Urban Contextualization and Preservation of Architectural Heritage -- 5.7 Well-being and Conviviality Within the Neighbourhood -- 5.8 Intergenerational and Social Diversity -- 5.9 Control of Global Costs -- References -- Part II Project Dynamics and Support Tools -- 6 Key Steps of a Regeneration Process -- 6.1 Identification of Five Key Steps -- 6.2 Early Reflections at Regional or Metropolitan Level -- 6.3 The Project as a Basis for Reflection on Urban and Architectural Coherence -- 6.3.1 Overcoming Negative Perceptions -- 6.3.2 Fostering the Emergence of a Shared Vision -- 6.3.3 Identifying Sectors and Phasing Operations -- 6.4 The Transition from Urban to Architectural Project -- 6.5 Multiple Forms of Participatory Processes -- 6.5.1 Participation of Landowners and Land Management -- 6.5.2 Integration of Civil Society to Foster Stakeholder Support -- 6.6 Evaluation of Sustainability Objectives -- 6.6.1 The Various Roles of Operational Evaluation -- 6.6.2 Operational Evaluation Integrated in Project Dynamics -- References -- 7 Specific Skills and Adapted Support -- 7.1 Courses of Action to Support the Evolution of Current Practices -- 7.2 Strategies at the Territorial Level -- 7.2.1 Awareness of Urban Brownfield Potential -- 7.2.2 Evolution of the Legal Framework -- 7.2.3 Development of Financial Levers. 
505 8 |a 7.3 Strategies at the Metropolitan Level -- 7.3.1 Integration of Urban Brownfield Regeneration Projects Within Urban Planning Tools -- 7.3.2 Identification of Strategic Sectors for Urban Development -- 7.4 Strategies at the Project Level -- 7.4.1 Initiation and Governance of Regeneration Project -- 7.4.2 Integration of Sustainability Objectives -- 7.4.3 Follow-Up of Sustainability Objectives -- 7.4.4 User Awareness -- References -- 8 Sustainability Monitoring: Principles, Challenges, and Approaches -- 8.1 Sustainability and Urban Brownfield Regeneration Projects -- 8.2 Principles of Sustainability Evaluation and Monitoring -- 8.2.1 Multi-criteria Evaluation Principles -- 8.2.2 Monitoring Principles -- 8.3 Operational Monitoring Tool Challenges -- 8.3.1 Operational Limitations -- 8.3.2 Target Audience -- 8.3.3 Results Reporting -- 8.4 The Need for Tailor-Made Operational Sustainability Monitoring -- 8.4.1 Consideration of Specific Features -- 8.4.2 Operational Monitoring Tool Requirements -- 8.5 Critical Analysis of Existing Approaches -- 8.5.1 Existing Certifications at the Neighbourhood Scale -- 8.5.2 Existing Evaluation Methods for Brownfield Regeneration Projects -- 8.5.3 Towards a Hybridization of Existing Approaches -- References -- 9 An Operational Monitoring Tool -- 9.1 The Hybridization of Methodologies -- 9.2 The Multi-Criteria Evaluation System -- 9.2.1 Description -- 9.2.2 Adaptations -- 9.3 The Quality Management Monitoring Software -- 9.3.1 Description -- 9.3.2 Adaptations -- 9.4 An Operational Monitoring Tool to Support Neighbourhood in Transitions -- References -- 10 Application to a Case Study -- 10.1 Monitoring the Pôle Viotte Neighbourhood in Besançon, France -- 10.1.1 Description of the Urban Brownfield Site -- 10.1.2 Description of the Urban Brownfield Regeneration Project -- 10.2 Detailed Monitoring Results. 
505 8 |a 10.2.1 Checklist-Context Indicators -- 10.2.2 Checklist-Project Indicators -- 10.2.3 Checklist-Governance Indicators -- 10.3 Overall Monitoring Results -- 10.4 Towards Integration of Sustainability Issues into the Project Dynamics of a Neighbourhood in Transition -- References -- 11 Conclusion -- References -- Appendix -- References. 
588 |a Description based on publisher supplied metadata and other sources. 
590 |a Electronic reproduction. Ann Arbor, Michigan : ProQuest Ebook Central, 2023. Available via World Wide Web. Access may be limited to ProQuest Ebook Central affiliated libraries.  
655 4 |a Electronic books. 
700 1 |a Laprise, Martine. 
700 1 |a Lufkin, Sophie. 
776 0 8 |i Print version:  |a Rey, Emmanuel  |t Neighbourhoods in Transition  |d Cham : Springer International Publishing AG,c2021  |z 9783030822071 
797 2 |a ProQuest (Firm) 
830 4 |a The Urban Book Series 
856 4 0 |u https://ebookcentral.proquest.com/lib/matrademy/detail.action?docID=6734438  |z Click to View